Normal view
MARC view
- Robbins,Stephen P/David A. DeCenzo
Entry Personal Name
001 - CONTROL NUMBER
- control field: 1296
003 - CONTROL NUMBER IDENTIFIER
- control field: JO-AjAnu
005 - DATE AND TIME OF LATEST TRANSACTION
- control field: 20230606070521.0
008 - FIXED-LENGTH DATA ELEMENTS
- fixed length control field: 230606|| aca||aabn | a|a d
040 ## - CATALOGING SOURCE
- Original cataloging agency: JO-AjAnu
- Transcribing agency: JO-AjAnu
100 ## - HEADING--PERSONAL NAME
- Personal name: Robbins,Stephen P/David A. DeCenzo
670 ## - SOURCE DATA FOUND
- Source citation: Work cat.: (JO-AjAnu)682: Robbins,Stephen P/David A. DeCenzo, author, Fundamentals of Management:Essential Concepts and Applications